| 000 | 00778nam a22002055i 4500 | ||
|---|---|---|---|
| 001 | 155222 | ||
| 003 | ES-MaACL | ||
| 005 | 20250817210107.0 | ||
| 008 | 040716s1863 fr |||| | fre d | ||
| 080 | _a930 Renan, Ernest. Vie de Jésus | ||
| 080 | _a27-312 | ||
| 100 | 1 |
_aHello, Ernest. _962459 |
|
| 245 | 1 | 0 |
_aM. Renan et la Vie de Jésus / _cpar Ernest Hello. |
| 260 |
_aParis : _bVictor Palmé, éditeur : _bCharles Douniol, éditeur, _c1863 ( _fImp. W. Remquet, Goupy et C.) |
||
| 300 |
_a23 cm ; _c23 cm. |
||
| 600 | 1 | 7 |
_aRenan, Ernest, _d1823-1892. _tVie de Jésus _2 _9148408 |
| 600 | 0 | 4 |
_aJesucristo- _xBiografías. _9140032 |
| 852 | 4 |
_aES-MaACL _jT-80-F-7 _z- Enc. hol., falto de cub. original _z- Enc. en un vol. facticio |
|
| 999 |
_c155222 _d155222 |
||